| 000 | 01013nam a22002897a 4500 | ||
|---|---|---|---|
| 001 | 03840 | ||
| 003 | HDC | ||
| 007 | cr bn ---aaaaa | ||
| 008 | 210111t1998 nyu||||| |||| 00| 0 eng | ||
| 020 | _a0-203-22306-3 | ||
| 040 | _aHDC | ||
| 100 |
_aNaveh, Amichai _eauthor _93676 |
||
| 245 | 0 |
_aAgricultural Biotechnology. Chapter 24 : _bBiotechnology and Veterinary Diagnosis: An Overview / by _cAmichai Naveh and Arieh Hadani |
|
| 260 |
_aNew York : _bMARCEL DEKKER, _c1998 |
||
| 300 | _a16 pages | ||
| 336 |
_atext _2rdacontent |
||
| 337 |
_acomputer _2rdamedia |
||
| 338 |
_aonline resource _2rdacarrier |
||
| 650 |
_aAgricultural Biotechnology _91565 |
||
| 650 |
_aBiotechnology _9343 |
||
| 650 |
_aVeterinary Diagnosis _93677 |
||
| 700 |
_aHadani, Arieh _eauthor _93678 |
||
| 856 | _zRequest full-text at [email protected] | ||
| 942 | _2lcc | ||
| 942 | _cCHAP | ||
| 942 | _kEBCH 001709 | ||
| 999 |
_c1165 _d1165 |
||